000
00238 a2200097 4500
001
53102
100
_a
Gaskell D R
245
_a
Introduction to Metallurgical Thermodynamics
260
_a
New York
_b
McGraw-Hill
_c
090
_c
33389
_d
33389
942
_a
NUST-CAE
_c
M
_c
25990
999
_c
288175
_d
288175